| 000 | 00604nam a22001937a 4500 | ||
|---|---|---|---|
| 005 | 20240520151339.0 | ||
| 010 | _aENG-140388 | ||
| 020 |
_a9789394899735 _c230.00 |
||
| 035 | _aEN-123920 | ||
| 037 | _bDBAD | ||
| 082 | _a658.872 | ||
| 100 |
_aVinuchakravarthi, V. _966484 |
||
| 245 |
_aBasics Of E-Business/ _cV. Vinuchakravarthi |
||
| 260 |
_aTamil Nadu _bShanlax Publications _c2022 |
||
| 270 |
_a61,66 T.P.K Main Road, Vasantha Nagar, Madhurai _bTamil Nadu _e625003 |
||
| 300 |
_a112 p. _c22 cm, (pb} |
||
| 700 |
_aVinuchakravarthi, V. _966297 |
||
| 942 |
_2ddc _cEN _h658.872 _mVIN |
||
| 999 |
_c203032 _d203032 |
||